| 000 | 00420 a2200169 4500 | ||
|---|---|---|---|
| 020 | _a8131503089 | ||
| 024 | _a9788131503089 | ||
| 082 | _a658.4033 | ||
| 090 |
_c6893 _d6893 |
||
| 100 | _aAnderson,David R. | ||
| 245 |
_aQuantitative Methods for Business. _cDavid R.Anderson |
||
| 250 | _a10th. | ||
| 260 |
_aAustralia _bThomson _c2007 |
||
| 300 | _a822p. | ||
| 500 | _aPaper cover | ||
| 942 |
_aNBS _cBK _k658.4033 AND |
||
| 999 |
_c349232 _d349232 |
||